[Event "Cheliabinsk"]
[Site "Cheliabinsk"]
[Date "1989.??.??"]
[Round "?"]
[White "Sveshnikov, Evgeny"]
[Black "Ivanov, Jordan"]
[Result "1-0"]
[WhiteElo "2480"]
[BlackElo "2300"]

1.e4 c5 2.c3 Nf6 3.e5 Nd5 4.Nf3 e6 5.Bc4 Nb6 6.Bb3 d5 7.d4 Nc6 8.Bg5 Be7
9.h4 h6 10.Bxe7 Qxe7 11.dxc5 Nd7 12.Qe2 Nxc5 13.Bc2 Qc7 14.O-O O-O 15.Re1 f5
16.exf6 Rxf6 17.Nbd2 b6 18.b4 Nd7 19.Nb3 Nf8 20.Rac1 Qf4 21.b5 Nd8 22.Nbd4 Bd7
23.g3 Qd6 24.Ne5 Rc8 25.Bb3 Be8 26.Qe3 Nf7 27.f4 Qc5 28.c4 Qa3 29.cxd5 Rxc1
30.Qxc1 Qd6 31.Nec6 Bd7 32.Qc4 exd5 33.Qxd5 Qa3 34.Nd8 Qb4 35.Qe4 Qc3 36.Qe3  1-0

[Event "Capablanca mem"]
[Site "Cienfuegos"]
[Date "1989.??.??"]
[Round "5"]
[White "Sariego, Wilfredo"]
[Black "Martin del Campo, Roberto"]
[Result "1/2-1/2"]
[WhiteElo "2380"]
[BlackElo "2455"]

1.e4 c5 2.c3 Nf6 3.e5 Nd5 4.d4 cxd4 5.Nf3 Nc6 6.Bc4 Nb6 7.Bb3 d6 8.exd6 Qxd6
9.O-O Be6 10.Bxe6 Qxe6 11.Nxd4 Nxd4 12.Qxd4 Rd8 13.Qf4 g6 14.a4 Bg7 15.a5 Nd5
16.Qa4+ Qd7 17.Rd1 O-O 18.Qxd7 Rxd7 19.Be3 a6 20.c4 Nb6 21.Na3 Bxb2 22.axb6 Rfd8
23.Rxd7 Rxd7 24.Rb1 Bxa3 25.c5 Bb4 26.c6 bxc6 27.Bf4 c5 28.Bc7 Ba5 29.Ra1 Rxc7
30.bxc7 Bxc7 31.Rxa6 Be5 32.Rc6 Bd6 33.Kf1 Kg7 34.Ke2 Kf6 35.Kd3 Ke6 36.Rc8 h5
37.Ke4 Bxh2 38.Rxc5 Bd6 39.Ra5 f5+ 40.Kf3 h4 41.Ra8 Kf7 42.Ra5 Kf6 43.Ke2 Kg5
44.Rd5 Kg4 45.Rd4+ Bf4 46.Ra4 g5 47.Ra3 e5 48.Rc3 e4 49.Rc5 Bh2 50.Kf1 Bd6
51.Rc6 Bf8 52.Rc8 Bd6 53.Rc6 Bf4 54.Rc3 Kh5 55.Rc5 Kg6 56.Rc6+ Kf7 57.Rc5 Ke6
58.Rc6+ Bd6 59.Rc8 g4 60.Rh8 Be7 61.Rh5 Bf6 62.f3 gxf3 63.gxf3 Ke5 64.fxe4 Kxe4
65.Rxf5  1/2-1/2

[Event "Copenhagen op"]
[Site "Copenhagen"]
[Date "1989.??.??"]
[Round "3"]
[White "Stein, Bernd"]
[Black "Adamski, Jan"]
[Result "1/2-1/2"]
[WhiteElo "2375"]
[BlackElo "2435"]

1.e4 c5 2.c3 Nf6 3.d3 Nc6 4.Nf3 g6 5.Be2 Bg7 6.O-O O-O 7.Nbd2 d6 8.Re1 Bg4
9.h3 Bxf3 10.Nxf3 Rb8 11.a4 a6 12.Bf1 Qb6  1/2-1/2

[Event "Copenhagen op"]
[Site "Copenhagen"]
[Date "1989.??.??"]
[Round "9"]
[White "Christensen, Tobias"]
[Black "Adamski, Jan"]
[Result "0-1"]
[WhiteElo "2310"]
[BlackElo "2435"]

1.e4 c5 2.c3 Nf6 3.e5 Nd5 4.d4 cxd4 5.Nf3 e6 6.cxd4 b6 7.Nc3 Nxc3 8.bxc3 Qc7
9.Bb2 Bb7 10.Bd3 Ba3 11.Qc2 Bxb2 12.Qxb2 d6 13.Bb5+ Nc6 14.O-O O-O 15.Rfe1 Rac8
16.exd6 Qxd6 17.Bd3 Rfd8 18.Qe2 Qf4 19.Qe3 Qxe3 20.fxe3 Na5 21.Rac1 Rc7 22.Re2 Bd5
23.Kf2 Bc4 24.Rd2 Bxd3 25.Rxd3 Nc4 26.Rc2 Rdc8 27.Ke2 Na3 28.Rc1 Nb5 29.Kd2 Nd6
30.Kc2 Ne4 31.Kb3 b5 32.Ng1 Rc4 33.a3 a5 34.Ne2 b4 35.axb4 axb4 36.Ng3 Nd6
37.Ra1 bxc3 38.Kc2 g6 39.Ra3 h5 40.Raxc3 h4 41.Ne2 Rb8 42.Rxc4 Nxc4 43.Kc3 Nd6
44.Kc2 Nc4 45.Kc3 Rc8 46.Kb4 Nd6 47.Nc3 Kf8 48.e4 Rb8+ 49.Kc5 Ke7 50.d5 e5
51.g3 Kd7 52.gxh4 Rb3 53.Re3 Rxc3+  0-1

[Event "URS-sf"]
[Site "Daugavpils"]
[Date "1989.??.??"]
[Round "?"]
[White "Rozentalis, Eduardas"]
[Black "Vitolinsh, Alvis"]
[Result "1-0"]
[WhiteElo "2505"]
[BlackElo "2425"]

1.e4 c5 2.c3 Nf6 3.e5 Nd5 4.d4 cxd4 5.cxd4 d6 6.Bc4 Nb6 7.Bb5+ Bd7 8.e6 fxe6
9.Bd3 Bc6 10.Qg4 Qd7 11.Nh3 Na6 12.a3 g6 13.Ng5 e5 14.Ne6 e4 15.Bxe4 Bxe4
16.Qxe4 Qc6 17.Qxc6+ bxc6 18.O-O Kd7 19.Re1 Nc7 20.Nxc7 Kxc7 21.Nc3 Kd7 22.Re2 Bg7
23.Bg5 Rhe8 24.Rd1 a5 25.Bc1 a4 26.Ne4 Nd5 27.Ng5 h5 28.Ne6 Bf6 29.g3 Rab8
30.Kg2 Rb3 31.h3 Nc7 32.Nxc7 Kxc7 33.g4 Kd7 34.Rc2 hxg4 35.hxg4 g5 36.Be3 Ra8
37.Rdd2 d5 38.Rd1 e5 39.Rh1 Rh8 40.Bxg5 Rxh1 41.Bxf6 Rd1 42.dxe5 d4 43.g5 d3
44.Rc4 Ke6 45.g6 Kd5 46.g7 Rb8 47.Rb4 Re8 48.Rb7 Ke6 49.Re7+  1-0

[Event "NLD-ch (Women)"]
[Site "Dieren"]
[Date "1989.??.??"]
[Round "?"]
[White "Drewes, Mariette"]
[Black "Cameron, Arjette"]
[Result "1/2-1/2"]
[WhiteElo "2080"]
[BlackElo "2040"]

1.e4 c5 2.c3 Nf6 3.e5 Nd5 4.d4 cxd4 5.Nf3 e6 6.cxd4 b6 7.Bd3 Bb4+ 8.Bd2 Bxd2+
9.Qxd2 Ba6 10.Bxa6 Nxa6 11.Nc3 Nxc3 12.bxc3 Nc7 13.O-O d6 14.Rfe1 O-O 15.a4 dxe5
16.Nxe5 Qd6 17.c4 Rfd8 18.Rad1 Rac8 19.Re3 Ne8 20.Qc2 Nf6 21.Rf3 Qe7 22.Qa2 Rd6
23.Qa3 Qd8 24.Rf4 Rc5 25.Qe3 Ra5 26.Ra1 h6 27.h4 Qe8 28.Qb3 Qd8 29.Qf3 Qe8
30.Qa3 Qd8 31.Qc3 h5 32.Qf3 Qe8 33.Qg3 Qd8 34.Qf3 Qe8 35.Qb3 Qd8 36.Qc3 Qc7
37.Qb4 Qd8 38.Rc1 Qc7 39.g3 Qd8 40.Qc3 Rxa4 41.Qb3  1/2-1/2

[Event "Dieren op"]
[Site "Dieren"]
[Date "1989.??.??"]
[Round "6"]
[White "Sowray, Peter J"]
[Black "Dam, Ruurd"]
[Result "0-1"]
[WhiteElo "2330"]
[BlackElo "2315"]

1.e4 c5 2.c3 Nf6 3.e5 Nd5 4.d4 cxd4 5.Nf3 Nc6 6.Bc4 Nb6 7.Bb3 d5 8.exd6 Qxd6
9.O-O Be6 10.Bxe6 Qxe6 11.Nxd4 Nxd4 12.Qxd4 Rd8 13.Qf4 g6 14.Na3 Bg7 15.Be3 O-O
16.Rfe1 Nd5 17.Qa4 Nxe3 18.Qxa7 Rd2 19.Rxe3 Qd5 20.Qb6 Qxa2 21.Ree1 Qxb2
22.Qxb2 Rxb2 23.Nc4 Rc2 24.Rxe7 Rxc3 25.Ne5 Bf6  0-1

[Event "Dortmund-B"]
[Site "Dortmund"]
[Date "1989.??.??"]
[Round "?"]
[White "Nun, Jiri"]
[Black "Koch, Jean Rene"]
[Result "1/2-1/2"]
[WhiteElo "2475"]
[BlackElo "2390"]

1.e4 c5 2.c3 Nf6 3.e5 Nd5 4.d4 cxd4 5.Nf3 e6 6.cxd4 b6 7.Bd3 Bb4+ 8.Bd2 Bxd2+
9.Nfxd2 O-O 10.Qh5 h6 11.Qg4 Ba6 12.Bxa6 Nxa6 13.O-O Rc8 14.Ne4 f5 15.exf6 Nxf6
16.Nxf6+ Qxf6 17.Nc3 Nb4 18.Rad1 Qf5 19.Qxf5 Rxf5 20.Rd2 Rc6 21.f4 Nd5 22.Nxd5 Rxd5
23.Kf2  1/2-1/2

[Event "Dortmund-B"]
[Site "Dortmund"]
[Date "1989.??.??"]
[Round "?"]
[White "Nun, Jiri"]
[Black "Ristic, Nenad"]
[Result "0-1"]
[WhiteElo "2475"]
[BlackElo "2465"]

1.e4 c5 2.c3 Nf6 3.e5 Nd5 4.d4 cxd4 5.Nf3 e6 6.cxd4 d6 7.a3 Bd7 8.Bd3 Bc6
9.O-O Nd7 10.b4 b6 11.Re1 dxe5 12.Nxe5 Nxe5 13.dxe5 Rc8 14.b5 Bb7 15.Be4 Qc7
16.Bb2 Bc5 17.Qf3 O-O 18.Nc3 Rfd8 19.Ne2 Qd7 20.a4 Rc7 21.Red1 Qe7 22.Ng3 Rdc8
23.h3 g6 24.Nf1 Qh4 25.g4 Nf4 26.Qxf4 Bxe4 27.Bd4 Bc2 28.Rd2 Bb4 29.Re2 Bd3
30.Re3 Bc4 31.Rd1 Be7 32.Qg3 Qh6 33.Rc3 Bh4 34.Qh2 Bg5 35.Be3 Bxf1 36.Rxc7 Rxc7
37.Bxg5 Qxg5 38.Kxf1 Rc1 39.Rxc1 Qxc1+ 40.Kg2 Qc4 41.Qg3 Qxa4 42.Qd3 Kg7
43.Kg3 Qa1 44.f4 Qg1+ 45.Kf3 Qh1+ 46.Kg3 Qg1+ 47.Kf3 Qh2 48.Qf1 g5 49.Ke4 gxf4
50.Qxf4 Qe2+ 51.Kd4 Qxb5 52.Qf6+ Kf8 53.Qh8+ Ke7 54.Qf6+ Ke8 55.Qh8+ Kd7
56.Qxh7 Qd5+ 57.Kc3 Qxe5+ 58.Kb3 Qe3+ 59.Kc4 Kc6  0-1

[Event "Dortmund op"]
[Site "Dortmund"]
[Date "1989.??.??"]
[Round "8"]
[White "Tamm, Ulrich"]
[Black "Ninov, Kiril"]
[Result "1/2-1/2"]
[WhiteElo "2270"]
[BlackElo "2490"]

1.e4 c5 2.c3 Nf6 3.e5 Nd5 4.d4 cxd4 5.Nf3 e6 6.cxd4 d6 7.Bc4 Bd7 8.O-O Bc6
9.Nc3 Nb6 10.Bd3 Bxf3 11.Qxf3 d5 12.Qg4 Nc6 13.Nb5 Qd7 14.Be3 O-O-O 15.Rfc1 Kb8
16.Qe2 a6 17.Nc3 Rc8 18.a3 Na5 19.Qc2 Be7 20.b3 Rc7 21.Qb2 Rhc8 22.Bd2 f6
23.f4 g5 24.Ne2 Rxc1+ 25.Rxc1 Rxc1+ 26.Bxc1 gxf4 27.exf6 Bxf6 28.Bxf4+ Ka7
29.Qc3 Nc6 30.b4 Na4 31.Qa1 Qg7 32.Be3 Bg5 33.Bf2 Qh6 34.b5 axb5 35.Bxb5 Nb6
36.Qc3 Bd2 37.Qc5 Na5 38.a4 Qg6 39.g3 Qb1+ 40.Kg2 Qe4+ 41.Kg1 Qb1+ 42.Kg2 Qe4+
43.Kg1 Nb3 44.Qd6 Qb1+ 45.Kg2 Qe4+ 46.Kg1 Ba5 47.Qf4 Qb1+ 48.Kg2 Nd2 49.Bg1 Qd1
50.g4 Nbc4 51.Ng3 Bb4 52.Bxc4 Nxc4 53.Qf3 Qxa4 54.Qe2 Qd7 55.Ne4 Qe7 56.Bf2 Na5
57.Nc5 Bxc5 58.dxc5 Kb8 59.Bg3+ Kc8 60.Qe5 Nc6 61.Qh8+ Qd8 62.Qa1  1/2-1/2

[Event "Edinburgh op"]
[Site "Edinburgh"]
[Date "1989.??.??"]
[Round "?"]
[White "Handley, Mike"]
[Black "Arkell, Keith C"]
[Result "0-1"]
[WhiteElo "2205"]
[BlackElo "2445"]

1.e4 c5 2.c3 Nf6 3.e5 Nd5 4.d4 cxd4 5.Nf3 e6 6.cxd4 d6 7.a3 Nc6 8.Bd3 Be7
9.O-O O-O 10.Re1 Bd7 11.Nbd2 Nf4 12.Bb1 dxe5 13.dxe5 Be8 14.Qb3 Qd5 15.Nc4 Nd4
16.Qd1 Nh3+ 17.gxh3 Nxf3+ 18.Kf1 Nxe1  0-1

[Event "Eger op"]
[Site "Eger"]
[Date "1989.??.??"]
[Round "?"]
[White "Berthelot, Yannick"]
[Black "Habibi, Ali"]
[Result "1-0"]
[WhiteElo "2355"]
[BlackElo "2245"]

1.e4 c5 2.c3 Nf6 3.e5 Nd5 4.d4 Nc6 5.Nf3 e6 6.Bc4 Nb6 7.Bb3 cxd4 8.cxd4 d6
9.Qe2 Be7 10.O-O O-O 11.Nc3 d5 12.Bc2 a6 13.Qd3 g6 14.a3 f5 15.exf6 Bxf6
16.Re1 Nc4 17.b3 Nd6 18.Bb2 b5 19.Ne2 Bg7 20.Rad1 Bd7 21.Bc1 Rc8 22.Bb1 Nf5
23.Bg5 Bf6 24.Bxf6 Qxf6 25.Ng3 Nh4 26.Nxh4 Qxh4 27.f3 Qe7 28.b4 Rc7 29.Rc1 Rfc8
30.Rc5 Qd6 31.Qe3 Be8 32.Ba2 Bf7 33.Rec1 Ne7 34.Ne2 Nf5 35.Qc3 Rxc5 36.dxc5 Qe7
37.a4 Qg5 38.Nd4 Qf6 39.Qd2 Nxd4  1-0

[Event "Eger op"]
[Site "Eger"]
[Date "1989.??.??"]
[Round "?"]
[White "Borsos, Bogdan"]
[Black "Schumi, Manfred"]
[Result "1/2-1/2"]
[WhiteElo "2350"]
[BlackElo "2260"]

1.e4 c5 2.c3 Nf6 3.e5 Nd5 4.d4 cxd4 5.Nf3 e6 6.cxd4 b6 7.Bc4 Ba6 8.Nbd2 Qc8
9.b3 Bb4 10.O-O O-O 11.Bb2 Nf4 12.a3 Be7 13.Rc1 Bxc4 14.Nxc4 Qb7 15.Qd2 Nd5
16.Ne3 Na6 17.Nxd5 Qxd5 18.Rc4 b5 19.Rc3 b4 20.Rc4 bxa3 21.Bxa3 Bxa3 22.Qa2 Nb4
23.Qxa3 Nc6 24.Rb1 Rab8 25.h3 h6 26.Rc3 Rb5 27.Rc5  1/2-1/2

[Event "Eindhoven"]
[Site "Eindhoven"]
[Date "1989.??.??"]
[Round "?"]
[White "Van Mil, Johannes A J"]
[Black "Dam, Ruurd"]
[Result "1-0"]
[WhiteElo "2370"]
[BlackElo "2315"]

1.e4 c5 2.c3 Nf6 3.e5 Nd5 4.d4 cxd4 5.Nf3 Nc6 6.Bc4 Nb6 7.Bb3 d5 8.exd6 Qxd6
9.O-O Be6 10.Bxe6 Qxe6 11.Nxd4 Nxd4 12.Qxd4 Rd8 13.Qh4 Qe2 14.Be3 Rd1 15.Nd2 Rxd2
16.Bxd2 Qxd2 17.Rfd1 Qh6 18.Qg3 Qc6 19.Rd4 f6 20.Qb8+ Kf7 21.Qxa7 Nc8 22.Qa5 g6
23.Rad1 Nd6 24.Qb4 Bh6 25.c4 Rc8 26.b3 Bf8 27.Rd5 b6 28.a4 Kg7 29.a5 b5 30.c5 Nb7
31.Qc3 Nxc5 32.b4 e6 33.Rd8 Rxd8 34.Rxd8 Qe4 35.h3 Na6 36.Rd7+ Kh6 37.Qxf6 Bxb4
38.Rd4 Qf5 39.Rh4+  1-0

[Event "Espoo zt"]
[Site "Espoo"]
[Date "1989.??.??"]
[Round "?"]
[White "Westerinen, Heikki MJ"]
[Black "Yrjola, Jouni"]
[Result "0-1"]
[WhiteElo "2435"]
[BlackElo "2460"]

1.e4 c5 2.c3 Nf6 3.e5 Nd5 4.d4 cxd4 5.Nf3 e6 6.cxd4 b6 7.Bd2 Ba6 8.Bxa6 Nxa6
9.Nc3 Nac7 10.Ng5 f5 11.Nxd5 Nxd5 12.Qa4 Bb4 13.Bxb4 Qxg5 14.O-O h5 15.Qb3 Rh6
16.Bd6 Rg6 17.Qg3 Qh6 18.Qf3 Rc8 19.Kh1 Rg4 20.Rad1 Kf7 21.Ba3 Qf4 22.Qxf4 Rxf4
23.Rd2 Rc4 24.Rfd1 Ra4 25.g3 Re4 26.Kg1 g5 27.f3 Re3 28.Kf2 g4 29.fxg4 hxg4
30.Rc1 Re4 31.Rc8 Raxd4 32.Rxd4 Rxd4 33.Rf8+ Kg6 34.Rg8+ Kf7 35.Rf8+ Kg7
36.Rd8 Rd2+ 37.Ke1 Rxh2 38.Rxd7+ Kg6 39.Rxa7 Rg2 40.Bf8 Rxg3 41.Rg7+ Kh5
42.Kd2 f4  0-1

[Event "FRA-ch"]
[Site "?"]
[Date "1989.??.??"]
[Round "?"]
[White "Nemirovski, Serge"]
[Black "Miralles, Gilles"]
[Result "0-1"]
[WhiteElo "2365"]
[BlackElo "2445"]

1.e4 c5 2.c3 Nf6 3.e5 Nd5 4.d4 cxd4 5.Bc4 Nb6 6.Bb3 d5 7.cxd4 Bf5 8.Nc3 e6
9.Nge2 Nc6 10.O-O Be7 11.Ng3 Bg6 12.f4 f5 13.Na4 Rc8 14.Be3 Nxa4 15.Bxa4 O-O
16.Rc1 Na5 17.Qe2 Qb6 18.Qb5 Nc4 19.Qxb6 Nxb6 20.Bb5 a6 21.Bd3 Nc4 22.Bxc4 dxc4
23.Ne2 Rfd8 24.Nc3 Be8 25.Rfd1 Bc6 26.Bf2 b5 27.a3 Kf7 28.Be1 Rd7 29.Kf2 Bd8
30.g3 a5 31.Ke3 Bb6 32.Ne2 Bb7 33.Nc3 Ba6 34.Ne2 Rcd8 35.Bc3 Bb7 36.Rd2 Be4
37.Rcd1 Bd3 38.Kf2 Rd5 39.Ke3 Ke8 40.Kf2 Bxe2 41.Kxe2 Kd7 42.Ke3 Kc6 43.Ke2 R5d7
44.Ke3 Rb8 45.Rc2 Kd5 46.Be1 Rc7 47.Bc3 Rc6 48.Be1 Rb7 49.Bc3 Bd8 50.Be1 b4
51.a4 Bb6 52.Bf2 Ba7 53.Be1 g6 54.Rcc1 Rg7 55.Rc2 h6 56.Rcc1 g5 57.h3 Bb6
58.Rc2 Rgc7 59.Bf2 Rb7 60.Be1 Bd8 61.Kf3 Rg7 62.Ke3 Be7 63.Kf3 Rg8 64.Ke3 b3
65.Rc3 Bb4 66.Ra1 Rc7 67.Rac1 Bxc3 68.Bxc3 Rcg7 69.Be1 h5 70.fxg5 Rxg5 71.Kf4 h4
72.gxh4 Rg2 73.Rb1 Rh2  0-1

[Event "FRA-chT"]
[Site "?"]
[Date "1989.??.??"]
[Round "?"]
[White "Berthelot, Yannick"]
[Black "Kouatly, Bachar"]
[Result "1/2-1/2"]
[WhiteElo "2320"]
[BlackElo "2470"]

1.e4 c5 2.c3 Nf6 3.e5 Nd5 4.d4 cxd4 5.Nf3 e6 6.cxd4 b6 7.Nc3 Nxc3 8.bxc3 Qc7
9.Bd2 d6 10.Bd3 Nd7 11.O-O dxe5 12.Nxe5 Nxe5 13.dxe5 Bb7 14.Bb5+ Bc6 15.Qf3 Rc8
16.a4 a6 17.Bxc6+ Qxc6 18.Qg3 g6 19.Be3 Bg7 20.Rfb1 b5 21.axb5 axb5 22.Bd4 O-O
23.Qd3 Ra8 24.Rxa8 Rxa8 25.Rxb5 Ra1+ 26.Rb1 Qa6 27.Qxa6 Rxb1+ 28.Qf1 Rxf1+
29.Kxf1 Kf8 30.Ke2 Ke8 31.Kd3 Kd7 32.Kc4 Kc6 33.g4 Bf8 34.Ba7 Bh6 35.h3 Bf8
36.Be3 Bg7 37.Bf4 Bf8 38.Bd2 Bc5 39.Be3 Bf8 40.Bd4 Ba3 41.Ba7 Bf8 42.Kd4 Ba3
43.Kc4 Bf8  1/2-1/2

[Event "FRA-chT"]
[Site "?"]
[Date "1989.??.??"]
[Round "?"]
[White "Berthelot, Yannick"]
[Black "Collin, I."]
[Result "1-0"]
[WhiteElo "2320"]
[BlackElo "2120"]

1.e4 c5 2.c3 Nf6 3.e5 Nd5 4.d4 cxd4 5.Nf3 Nc6 6.Bc4 Nb6 7.Bb3 d5 8.exd6 Qxd6
9.Na3 a6 10.O-O Bf5 11.Nxd4 Nxd4 12.cxd4 e6 13.Qf3 Qd7 14.d5 exd5 15.Re1+ Be6
16.Be3 Nc4 17.Nxc4 dxc4 18.Rad1 Qc8 19.Ba4+ b5 20.Bc2 Bb4 21.Be4 O-O 22.Bxa8 Qxa8
23.Qxa8 Rxa8 24.Bd2 Bc5 25.a3 Bg4 26.Rc1 f6 27.Bb4 Bb6 28.Re7 a5 29.Bc3 Rb8
30.Rce1 b4 31.axb4 axb4 32.Bd2 Bc5 33.R7e4 c3 34.Rxg4 cxd2 35.Rd1 Ra8 36.Rc4 Bd6
37.g3 Be5 38.Rxb4 g5 39.Kf1 Bc7 40.Rb5 Be5 41.Ke2  1-0

[Event "FRA-chT"]
[Site "?"]
[Date "1989.??.??"]
[Round "?"]
[White "Garrido, D."]
[Black "Richard, Alain"]
[Result "0-1"]
[WhiteElo "2030"]
[BlackElo "2220"]

1.e4 c5 2.c3 Nf6 3.e5 Nd5 4.d4 cxd4 5.cxd4 d6 6.Nf3 Nc6 7.exd6 e6 8.Nc3 Bxd6
9.Bd3 Ncb4 10.Bb1 Bd7 11.O-O Nxc3 12.bxc3 Nd5 13.Qd3 b5 14.Bd2 Rc8 15.Re1 Qc7
16.Qf5 Kf8 17.Qh5 Bf4 18.Ng5 Be8 19.Bxf4 Qxf4 20.Nh3 Qd2 21.Qe5 h5 22.Be4 Nxc3
23.Qd6+ Kg8 24.Bb7 Ne2+ 25.Kf1 Rc1 26.Qd8 Qxe1+  0-1

[Event "FRA-chT"]
[Site "?"]
[Date "1989.??.??"]
[Round "?"]
[White "Garrido, D."]
[Black "Chomet, Pascal"]
[Result "1/2-1/2"]
[WhiteElo "2030"]
[BlackElo "2265"]

1.e4 c5 2.c3 Nf6 3.e5 Nd5 4.d4 cxd4 5.cxd4 b6 6.Bc4 Bb7 7.Nf3 e6 8.O-O Be7
9.Re1 O-O 10.a3 d6 11.Nbd2 Nd7 12.exd6 Bxd6 13.Ne4 Be7 14.Bd3 Rc8 15.Qe2 N7f6
16.Ng3 Nc7 17.Rd1 Bd5 18.Bf4 Bb3 19.Rdc1 Ncd5 20.Be5 Ba4 21.Nf1 g6 22.h3 Re8
23.Ba6 Rxc1 24.Rxc1 Bf8 25.Bh2 Bh6 26.Rc8 Qe7 27.Qc4 Bd7 28.Rxe8+ Qxe8 29.Ne5 Ne4
30.Ng4 Bg7 31.Nfe3 h5 32.Ne5 Nd6 33.Qa2 Nxe3 34.fxe3 Nf5 35.Bf4 Bxe5 36.Bxe5 Nxe3
37.Qb3 Nd5 38.Bc4 Bc6 39.Bxd5 Bxd5 40.Qg3 Qe7 41.Qf4 Kh7 42.Bd6 Qd7 43.Be5 Qe7
44.Bd6 g5 45.Qe5  1/2-1/2

[Event "CSR-ch (Women)"]
[Site "Frenstat"]
[Date "1989.??.??"]
[Round "?"]
[White "Polakova, Petra"]
[Black "Niklesova, Hana"]
[Result "1-0"]
[WhiteElo "2105"]
[BlackElo "2055"]

1.e4 c5 2.c3 Nf6 3.e5 Nd5 4.d4 cxd4 5.Nf3 e6 6.cxd4 b6 7.Bd3 Bb4+ 8.Bd2 Bxd2+
9.Nfxd2 Nf4 10.Be4 Ba6 11.Qf3 Nd5 12.Bxd5 exd5 13.Qxd5 Qc7 14.Nc3 Nc6 15.Rc1 O-O
16.Nb5 Bxb5 17.Qxb5 Nxd4 18.Rxc7 Nxb5 19.Rxd7 Rfd8 20.Rxd8+ Rxd8 21.Nf3 Nd4
22.Nxd4 Rxd4 23.f3 Kf8 24.Ke2 Rc4 25.Kd3 Rc5 26.f4 Ke7 27.Rd1 f6 28.exf6+ Kxf6
29.Rd2 Ke6 30.g3 Rd5+ 31.Ke3 Rc5 32.g4 g6 33.Re2 Ra5 34.Kd4+ Kf6 35.b3 Rc5
36.a4 Rc1 37.h3 Rf1 38.Ke4 Rb1 39.Re3 Rc1 40.Kd5 Rd1+ 41.Kc6 Rd4 42.Kb7 Rxf4
43.Kxa7 Rb4 44.Ka6 h5 45.gxh5 gxh5 46.a5 bxa5 47.Kxa5 Rb8 48.b4 h4 49.b5 Rg8
50.Re4 Ra8+ 51.Kb6 Kg5 52.Kc6 Ra3 53.b6 Rxh3 54.b7 Rb3 55.Re5+ Kg4 56.Rb5 Rc3+
57.Kb6  1-0

[Event "Gausdal Int"]
[Site "Gausdal"]
[Date "1989.??.??"]
[Round "?"]
[White "Huenerkopf, Heinz"]
[Black "Fransson, Peter"]
[Result "1-0"]
[WhiteElo "2230"]
[BlackElo "2255"]

1.e4 c5 2.c3 Nf6 3.e5 Nd5 4.d4 cxd4 5.Nf3 Nc6 6.Bc4 Nb6 7.Bb3 d5 8.exd6 e6
9.cxd4 Bxd6 10.O-O Be7 11.Nc3 O-O 12.a3 a6 13.Re1 Nd5 14.Bc2 Nf6 15.Qd3 g6
16.Bh6 Re8 17.Rad1 b5 18.Qe2 Bb7 19.h4 b4 20.axb4 Nxb4 21.Bb3 Nbd5 22.Ba4 Ng4
23.Bxe8 Nxh6 24.Ba4 Bxh4 25.Ne4 Nf5 26.Qd2 Be7 27.Nc5 Qb6 28.Ne5 Rc8 29.Ned7 Qa7
30.Rc1 Rd8 31.b4 Ba8 32.Red1 h6 33.g3 Nf6 34.Qf4 g5 35.Qe5 Ng4 36.Qe2 h5
37.Nxe6 Rxd7 38.Rc8+ Kh7 39.Rxa8 Qxa8 40.Bxd7 fxe6 41.Bxe6 Ngh6 42.d5 Bxb4
43.Qxh5 Qf8 44.Qxg5 Ng7 45.Bh3 Bc5 46.Rd2 a5 47.Bf1 Ngf5 48.Bd3 Kh8 49.Qg6  1-0

[Event "BL2-S8889"]
[Site "Germany"]
[Date "1989.??.??"]
[Round "?"]
[White "Heidrich, Manfred"]
[Black "Trettin, Ulrich"]
[Result "0-1"]
[WhiteElo "2310"]
[BlackElo "2270"]

1.e4 c5 2.c3 Nf6 3.e5 Nd5 4.d4 cxd4 5.cxd4 e6 6.f4 b6 7.Nf3 Bb4+ 8.Bd2 Ne3
9.Qb3 Bxd2+ 10.Nbxd2 Nxf1 11.Rxf1 O-O 12.Ne4 Bb7 13.Nd6 Bd5 14.Qd3 f6 15.g3 Nc6
16.a3 b5 17.Rc1 b4 18.a4 b3 19.Rc5 Rb8 20.Qc3 Qb6 21.Rb5 Qa6 22.f5 Qxa4 23.Rxb8 Rxb8
24.exf6 gxf6 25.fxe6 dxe6 26.Nd2 f5 27.g4 fxg4 28.Rf4 Qa1+ 29.Kf2 Rf8 30.Qg3 Qd1
31.Rxf8+ Kxf8 32.Qf4+ Ke7 33.Nb5 Qc2 34.Qg5+ Kf8 35.Qf6+ Kg8 36.Ke3 Qf5 37.Qxf5 exf5
38.Nc3 Bf7 39.d5 Ne5 40.Nxb3 Kg7 41.Nd4 Kf6 42.b4 Kg5 43.Nc6 f4+ 44.Ke4 Nd7
45.Nxa7 h5 46.Nc6 Nf6+ 47.Ke5 Bxd5 48.Nd4 f3 49.Nd1 h4 50.Nf5 Nd7+ 51.Kxd5 Kxf5
52.Kd4 Kf4 53.Nf2 Ne5 54.b5 g3 55.hxg3+ hxg3 56.Nh3+ Kg4 57.Kxe5 Kxh3 58.b6 g2  0-1

[Event "BL2-W8889"]
[Site "Germany"]
[Date "1989.??.??"]
[Round "?"]
[White "Tamm, Ulrich"]
[Black "Thiel, Thomas"]
[Result "1-0"]
[WhiteElo "2270"]
[BlackElo "2215"]

1.e4 c5 2.c3 Nf6 3.e5 Nd5 4.d4 cxd4 5.Nf3 Nc6 6.cxd4 d6 7.Bc4 Nb6 8.Bb5 dxe5
9.Nxe5 Bd7 10.Nc3 Nxe5 11.dxe5 Bxb5 12.Nxb5 Qxd1+ 13.Kxd1 O-O-O+ 14.Ke2 Rd5
15.a4 a6 16.Be3 Rxe5 17.Rac1+ Kd7 18.Rc7+ Kd8 19.Rxb7 Nd5 20.Na7 Ke8 21.Rd1 f6
22.Nc6 Re6 23.Rb8+ Kd7 24.Rxd5+  1-0

[Event "BL2-SW8889"]
[Site "Germany"]
[Date "1989.??.??"]
[Round "?"]
[White "Werner, Clemens"]
[Black "Werner, Dimo"]
[Result "1/2-1/2"]
[WhiteElo "2265"]
[BlackElo "2390"]

1.e4 c5 2.c3 Nf6 3.e5 Nd5 4.d4 cxd4 5.Nf3 e6 6.cxd4 b6 7.Nc3 Nxc3 8.bxc3 Qc7
9.Bd2 Bb7 10.Bd3 d6 11.O-O Nd7 12.Re1 dxe5 13.Nxe5 Nxe5 14.Rxe5 Bd6 15.Rh5 g6
16.Rh6 Bf8 17.Bb5+ Bc6 18.Qf3 Rc8 19.Qf6 Bxh6 20.Bxh6 Rg8 21.d5 Bxb5 22.dxe6 Bc4
23.Re1 Bxe6 24.Rxe6+ fxe6 25.Qxe6+ Qe7 26.Qxc8+ Kf7 27.Qc4+ Qe6 28.Qc7+ Ke8
29.Qb8+ Kf7 30.Qc7+ Qe7 31.Qc4+ Qe6  1/2-1/2

[Event "Gran Canaria op2"]
[Site "Gran Canaria"]
[Date "1989.??.??"]
[Round "?"]
[White "Doncevic, Dario"]
[Black "Illescas Cordoba, Miguel"]
[Result "0-1"]
[WhiteElo "2360"]
[BlackElo "2525"]

1.e4 c5 2.c3 Nf6 3.e5 Nd5 4.d4 cxd4 5.Nf3 Nc6 6.Bc4 Nb6 7.Bb3 d5 8.exd6 Qxd6
9.O-O Be6 10.Bxe6 Qxe6 11.Nxd4 Nxd4 12.cxd4 g6 13.Re1 Qf6 14.Nc3 Bg7 15.Ne4 Qc6
16.Bg5 O-O 17.Bxe7 Rfe8 18.Rc1 Qd5 19.Nc3 Qxd4 20.Nb5 Qxd1 21.Rcxd1 Rec8
22.Re2 a6 23.Nd6 Rc7 24.Bh4 Rd7 25.b3 f6 26.Kf1 Rad8 27.Red2 g5 28.Bg3 f5
29.f3 Bc3 30.Rd3 Bb4 31.Be5 Nc8 32.Bf6 Bxd6 33.Bxd8 Rxd8 34.Rd5 Kg7 35.Rxf5 h6
36.Rc5 Ne7 37.Rc2 Nf5 38.Rc3 Kf6 39.Rcd3 Ke6 40.Re1+ Kd7 41.Red1 Re8 42.R1d2 Re6
43.g3 Rf6 44.Kg2 Ne7 45.Re2 b6 46.Re4 Ng6 47.Rd2 a5 48.Rd1 Ne7 49.h4 gxh4
50.Rxh4 Nf5 51.Re4 h5 52.Kh3 Rg6 53.g4 hxg4+ 54.fxg4 Rh6+ 55.Kg2 Rh4 56.Rd3 Nh6
57.Kf3 Nf7 58.Rd5 Rh3+ 59.Kg2 Rh2+ 60.Kf3 Rxa2 61.g5 Kc6 62.Rf5 Bc5 63.Re2 Ra1
64.Rf6+ Kb5 65.Rg2 Nxg5+  0-1

[Event "Groningen op"]
[Site "Groningen"]
[Date "1989.??.??"]
[Round "1"]
[White "Blauert, Joerg"]
[Black "Kuczynski, Robert"]
[Result "1/2-1/2"]
[WhiteElo "2275"]
[BlackElo "2450"]

1.e4 c5 2.c3 Nf6 3.e5 Nd5 4.d4 cxd4 5.Nf3 d6 6.cxd4 Nc6 7.Bc4 Nb6 8.Bb5 dxe5
9.Nxe5 Bd7 10.Nc3 Nxe5 11.dxe5 Bxb5 12.Nxb5 Qxd1+ 13.Kxd1 Nd5 14.Ke2 a6 15.Rd1 O-O-O
16.Nd4 e6 17.Bg5 Rd7 18.Rac1+ Kb8 19.Kf3 h6 20.Be3 Be7 21.Ne2 Rhd8 22.Nc3 Nxe3
23.Rxd7 Rxd7 24.Kxe3 Bc5+ 25.Ke2 Rd4 26.Re1 Rb4 27.b3 Bd4 28.Kd3 Bxf2 29.Rf1 Bb6
30.Rxf7 Rd4+ 31.Kc2 Rg4 32.g3 Bc7 33.Re7 Rg6 34.Ne4 Bxe5 35.Nc5 Bd6 36.Rxe6 Rxe6
37.Nxe6 g6 38.Kd3 Kc8 39.Ke4 Kd7 40.Kd5 h5 41.Nc5+ Kc7 42.Ne4 Bb4 43.Nf2 h4
44.gxh4 Be7 45.Nd3 Bxh4 46.Ne5 g5 47.Nf3 Kb6 48.Nxh4 gxh4 49.Ke4 Kc5 50.Kf4 Kb4
51.Kg4 Ka3 52.Kxh4 a5 53.Kg4 Kxa2 54.h4 b5 55.h5 a4 56.b4 a3 57.h6 Kb1 58.h7 a2
59.h8=Q a1=Q 60.Qh7+ Ka2 61.Qf7+ Ka3 62.Qa7+ Kb2 63.Qd4+ Ka2 64.Qd5+  1/2-1/2

[Event "Groningen op"]
[Site "Groningen"]
[Date "1989.??.??"]
[Round "5"]
[White "Bosman, Michiel"]
[Black "Ristic, Nenad"]
[Result "1/2-1/2"]
[WhiteElo "2330"]
[BlackElo "2465"]

1.e4 c5 2.c3 Nf6 3.e5 Nd5 4.d4 cxd4 5.Nf3 e6 6.cxd4 d6 7.a3 Bd7 8.Nbd2 dxe5
9.Nxe5 Be7 10.Ndf3 O-O 11.Bd3 Bb5 12.O-O Bxd3 13.Qxd3 Nd7 14.Be3 N7f6 15.Rfc1 Qb6
16.Rc2 Nxe3 17.fxe3 Rac8 18.Rac1 Rxc2 19.Rxc2 h6 20.h3 Rd8 21.Nc4 Qc7 22.Nce5 Qb8
23.Rf2 Bd6 24.Nc4 Bg3 25.Rf1 Qc7 26.Ncd2 Qb6 27.Rb1 Rc8 28.Nf1 Bd6 29.N1d2 Qc6
30.Nb3 Bg3 31.Nbd2 Qc2 32.Qxc2 Rxc2 33.Kf1 e5 34.dxe5 Bxe5 35.Ke2 Nd7 36.Nxe5 Nxe5
37.Kd1 Rc6 38.Rc1 Rxc1+ 39.Kxc1 Nd3+ 40.Kb1 Ne1 41.g3 g5 42.Nc4 Ng2 43.e4 b5
44.Nd6 a6 45.Nf5 h5 46.Kc2 f6 47.Kd2 h4 48.gxh4 gxh4 49.Ke2 Kf7 50.Kf3 Ne1+
51.Ke2 Ng2 52.Kf3 Ne1+ 53.Ke2 Ng2  1/2-1/2

[Event "Groningen op"]
[Site "Groningen"]
[Date "1989.??.??"]
[Round "9"]
[White "Blauert, Joerg"]
[Black "Ristic, Nenad"]
[Result "0-1"]
[WhiteElo "2275"]
[BlackElo "2465"]

1.e4 c5 2.c3 Nf6 3.e5 Nd5 4.d4 cxd4 5.Nf3 e6 6.cxd4 d6 7.a3 Bd7 8.Bd3 Bc6
9.O-O Nd7 10.Re1 a5 11.exd6 Bxd6 12.Nbd2 O-O 13.Nc4 Bf4 14.Nfe5 Nxe5 15.Nxe5 Qg5
16.Nxc6 bxc6 17.Qc2 g6 18.Qxc6 Rab8 19.Rb1 Rfc8 20.Bxf4 Nxf4 21.Qe4 Rb3 22.h4 Qg4
23.g3 Rxd3 24.Qxf4 Qxf4 25.gxf4 Rxd4 26.h5 Rxf4 27.hxg6 hxg6 28.Re2 Rc5 29.Rd1 Kg7
30.Rd3 Kf6 31.Rd7 Rh4 32.Red2 Rg5+ 33.Kf1 Rb5 34.Rc2 Rf4 35.Ra7 g5 36.Kg2 Kg6
37.Rd2 Rg4+ 38.Kf3 Rb3+ 39.Ke2 Re4+ 40.Kd1 Rb5 41.Rdd7 f6 42.Rd2 g4 43.Kc2 Rf5
44.Kd1 Kg5 45.Ra6 Rb5 46.Kc2 f5  0-1